Contemporary cybernetic and systemic researches
में बचाया:
| निगमित लेखक: | |
|---|---|
| अन्य लेखक: | |
| स्वरूप: | इलेक्ट्रोनिक ई-पुस्तक |
| भाषा: | अंग्रेज़ी |
| प्रकाशित: |
Bradford, England :
Emerald Group Publishing,
c2002.
|
| श्रृंखला: | Kybernetes: the international journal of systems & cybernetics ;
31, no. 3/4 |
| विषय: | |
| ऑनलाइन पहुंच: | An electronic book accessible through the World Wide Web; click to view |
| टैग: |
कोई टैग नहीं, इस रिकॉर्ड को टैग करने वाले पहले व्यक्ति बनें!
|
MARC
| LEADER | 00000nam a2200000Ia 4500 | ||
|---|---|---|---|
| 001 | 0000070473 | ||
| 005 | 20171002053511.0 | ||
| 006 | m u | ||
| 007 | cr cn||||||||| | ||
| 008 | 000815s2002 enk s 000 0 eng d | ||
| 020 | |z 0861767071 | ||
| 035 | |a (CaPaEBR)ebr10052616 | ||
| 035 | |a (OCoLC)133167945 | ||
| 040 | |a CaPaEBR |c CaPaEBR | ||
| 050 | 1 | 4 | |a Q310 |b .C66 2002eb |
| 245 | 0 | 0 | |a Contemporary cybernetic and systemic researches |h [electronic resource] / |c Editor-in-Chief, Brian H. Rudall. |
| 260 | |a Bradford, England : |b Emerald Group Publishing, |c c2002. | ||
| 300 | |a 284 p. | ||
| 490 | 0 | |a Kybernetes: the international journal of systems & cybernetics ; |v 31, no. 3/4 | |
| 533 | |a Electronic reproduction. |b Palo Alto, Calif. : |c ebrary, |d 2009. |n Available via World Wide Web. |n Access may be limited to ebrary affiliated libraries. | ||
| 650 | 0 | |a Cybernetics. | |
| 650 | 0 | |a System analysis. | |
| 655 | 7 | |a Electronic books. |2 local | |
| 700 | 1 | |a Rudall, B. H. |q (Brian H.) | |
| 710 | 2 | |a ebrary, Inc. | |
| 856 | 4 | 0 | |u http://site.ebrary.com/lib/daystar/Doc?id=10052616 |z An electronic book accessible through the World Wide Web; click to view |
| 908 | |a 170314 | ||
| 942 | 0 | 0 | |c EB |
| 999 | |c 59631 |d 59631 | ||